000 00383nam a22001577a 4500
003 OSt
005 20211007162016.0
008 211007b |||||||| |||| 00| 0 eng d
020 _a018091788
040 _cHU
082 _a330
100 _a Kolstad, Charles D.
_91555
245 _a Intermediate environmental economics
300 _a470
_bpc
_c24cm
942 _2ddc
_cBOOKS
_n0
999 _c10554
_d10554